ბათუმის შოთა რუსთაველის სახელმწიფო უნივერსიტეტის ბიბლიოთეკა

ჩვენი საიმედო მეგობრები : (ბიბ.ჩანაწერი № 62726)

000 -ლიდერი
ფიქსირებული სიგრძის საკონტროლო ველი 01347nam a22002177a 4500
003 - საკონტროლო ნომრის იდენტიფიკატორი
საკონტროლო ველი Ge_BSU
005 - ბოლო ოპერაციის თარიღი და დრო
საკონტროლო ველი 20250131145409.0
008 - ფიქსირებული სიგრძის მონაცემთა ელემენტები - ზოგადი ინფორმაცია
ფიქსირებული სიგრძის საკონტროლო ველი 250131s2016 ge ||||| |||| 00| 0 geo d
020 ## - წიგნის საერთაშორისო სტანდარტული ნომერი
International Standard Book Number 9789941462405
041 ## - ენის კოდი
Language code of text/sound track or separate title geo
080 ## - უნივერსალური ათობითი კლასიფიკაციის ინდექსი
Universal Decimal Classification number 636.7 გ-59
100 ## - მთავარი ჩანაწერი - პიროვნების სახელი
Personal name გოგმაჩაძე, თემურ
9 (RLIN) 118
245 ## - ცნობა სათაურის შესახებ
Title ჩვენი საიმედო მეგობრები :
Remainder of title [ძაღლი] /
Statement of responsibility, etc თემურ გოგმაჩაძე; რედაქტორი ქეთევან დოლიძე; ბათუმის შოთა რუსთაველის სახელმწ. უნ-ტი.
264 ## - წარმოების, გამოცემის, დისტრიბუციის და სხვა ცნობები
გამოცემის, წარმოების, დისტრიბუციის... ადგილი ბათუმი :
გამოცემის, წარმოების, დისტრიბუციის... სახელწოდება ბათუმის შოთა რუსთაველის სახელმწ. უნ-ტი,
გამოცემის, წარმოების, დისტრიბუციის... თარიღი 2016.
300 ## - ფიზიკური აღწერა
Extent 62 გვ. :
Other physical details ფოტ. ;
Dimensions 14 სმ.
500 ## - ზოგადი შენიშვნა
General note ეძღვნება მეცნიერისა და საზოგადო მოღვაწის ანზორ დიასამიძის ხსოვნას.
653 ## - INDEX TERM--UNCONTROLLED
Uncontrolled term ჯიშიანი ძაღლები
700 ## - ADDED ENTRY--PERSONAL NAME
Personal name დოლიძე, ქეთევან
Relator term რედაქტორი
9 (RLIN) 333
710 ## - ADDED ENTRY--CORPORATE NAME
Corporate name or jurisdiction name as entry element ბათუმის შოთა რუსთაველის სახელმწ. უნ-ტი.
9 (RLIN) 24209
942 ## - ADDED ENTRY ELEMENTS (KOHA)
Source of classification or shelving scheme
Koha item type წიგნი
ეგზემპლარები
ჩამოწერის სტატუსი დაკარგული ეგზემპლარის სტატუსი კლასიფიკაციის წყარო ან თაროზე გაწყობის სქემა დაზიანების სტატუსი არ გაიცემა მუდმივი მდებარეობა (დაცვის ადგილი) ამჟამინდელი ადგილსამყოფელი თაროზე განთავსების ადგილი შეძენის თარიღი ღირებულება, შესყიდვის ნორმალური ფასი სრული შენახვის შიფრი შტრიხკოდი ბოლო ოპერაციის თარიღი ეგზემპლარის მიმდევრობითი ნომერი (კეტერი?) ფასის ძალაში შესვლის თარიღი ეგზემპლარის სახეობა საჯარო შენიშვნა
          ბათუმის შოთა რუსთაველის სახელმწიფო უნივერსიტეტის მთავარი ბიბლიოთეკა ბათუმის შოთა რუსთაველის სახელმწიფო უნივერსიტეტის მთავარი ბიბლიოთეკა წიგნსაცავი 2025-01-31 8.00 636.7 გ-59 70510 2025-01-31 70510 2025-01-31 წიგნი 8 ლ.